The United Nations in International History/
Saved in:
| Hovedforfatter: | |
|---|---|
| Format: | Bog |
| Sprog: | engelsk |
| Udgivet: |
Bloomsbury Academic Publishers,
2017.
|
| Tags: |
Tilføj Tag
Ingen Tags, Vær først til at tagge denne postø!
|
MARC
| LEADER | 00000nam a22000007a 4500 | ||
|---|---|---|---|
| 008 | 210906b ||||| |||| 00| 0 eng d | ||
| 020 | |a 978-1-4725-1003-7 | ||
| 100 | |a SAYWARD, Amy L. | ||
| 245 | |a The United Nations in International History/ |c Amy L. Sayward.- |e (New approaches to international history) |g xviii, 306p.; ill. | ||
| 260 | |b Bloomsbury Academic Publishers, |c 2017. |h London |i 696280- Soc. Sci. |i 696281 |i 696282 |l JZ4984.5 .Sa9 |m United Nations – History. |m Diplomacy. |m Title. | ||
| 500 | |a “It includes index and references” | ||
| 942 | |a lcc |c BK |e j. o. ifatola |f 06/ 09/ 2021 | ||
| 952 | |0 0 |1 0 |2 lcc |4 0 |6 JZ49845 S A9 |7 0 |9 3379 |a HOL |b HOL |c GJ |d 2021-09-06 |l 0 |o JZ4984.5 .Sa9 |p 2021-67087 |r 2021-09-06 00:00:00 |w 2021-09-06 |y BK | ||
| 952 | |0 0 |1 0 |2 lcc |4 0 |6 JZ49845 S A9 |7 0 |9 3380 |a HOL |b HOL |c GJ |d 2021-09-06 |l 0 |o JZ4984.5 .Sa9 |p 2021-67088 |r 2021-09-06 00:00:00 |w 2021-09-06 |y BK | ||
| 952 | |0 0 |1 0 |2 lcc |4 0 |6 JZ49845 S A9 |7 0 |9 3381 |a HOL |b SSL |c GJ |d 2021-09-06 |l 0 |o JZ4984.5 .Sa9 |p 2021-67089 |r 2021-09-06 00:00:00 |w 2021-09-06 |y BK | ||
| 999 | |c 1683 |d 1683 | ||